| 000 | 00625nam a2200241 a 4500 | ||
|---|---|---|---|
| 001 | nice12345678 | ||
| 003 | IN_TiNIC | ||
| 005 | 20260116012318.0 | ||
| 008 | 050524s1989 dela grp 000 0 eng | ||
| 020 |
_a8185054 _c150 |
||
| 082 | 0 | 0 |
_a320.56954 _bVAJ |
| 100 | _aVajpey, Dhirendra | ||
| 245 | _aReligious and Ethnic Minority in South Asia | ||
| 260 |
_aDelhi _bManohar Pub. _c1989 |
||
| 300 | _a203p | ||
| 500 | _aincludes index and biblioraphy | ||
| 505 | 2 | _aBibliography | |
| 650 | _aPolitics-South Asia | ||
| 650 | _aSouth Asia-Politics & Racism | ||
| 902 | _bSRS | ||
| 942 | _cBK | ||
| 999 |
_c6506 _d6506 |
||